Pentecostalism : (Record no. 3846)
[ view plain ]
| 000 -LEADER | |
|---|---|
| fixed length control field | 00626cam a2200193 a 4500 |
| 001 - CONTROL NUMBER | |
| control field | 12868737 |
| 005 - DATE AND TIME OF LATEST TRANSACTION | |
| control field | 20250213175329.0 |
| 008 - FIXED-LENGTH DATA ELEMENTS--GENERAL INFORMATION | |
| fixed length control field | 020307s2001 gh a b 001 0 eng |
| 020 ## - INTERNATIONAL STANDARD BOOK NUMBER | |
| International Standard Book Number | 9988801602 |
| 050 00 - LIBRARY OF CONGRESS CALL NUMBER | |
| Classification number | BR1644.5.G4 |
| Item number | L37 2001 |
| 082 00 - DEWEY DECIMAL CLASSIFICATION NUMBER | |
| Classification number | 276.67/082 |
| Edition information | 21 |
| 100 1# - MAIN ENTRY--PERSONAL NAME | |
| Personal name | Larbi, Emmanuel Kingsley. |
| 245 10 - TITLE STATEMENT | |
| Title | Pentecostalism : |
| Remainder of title | the eddies of Ghanaian Christianity / |
| Statement of responsibility, etc. | Emmanuel Kingsley Larbi. |
| 260 ## - PUBLICATION, DISTRIBUTION, ETC. | |
| Place of publication, distribution, etc. | Dansoman, Accra, Ghana : |
| Name of publisher, distributor, etc. | CPCS, |
| Date of publication, distribution, etc. | c2001. |
| 300 ## - PHYSICAL DESCRIPTION | |
| Extent | xvii, 517 p. : |
| Other physical details | ill. ; |
| Dimensions | 24 cm. |
| 440 #0 - SERIES STATEMENT/ADDED ENTRY--TITLE | |
| Title | Studies in African pentecostal Christianity ; |
| Volume/sequential designation | 1 |
| 650 #0 - SUBJECT ADDED ENTRY--TOPICAL TERM | |
| Topical term or geographic name entry element | Pentecostalism |
| Geographic subdivision | Ghana. |
| 942 ## - ADDED ENTRY ELEMENTS (KOHA) | |
| Source of classification or shelving scheme | Library of Congress Classification |
| Koha item type | Books |
| Suppress in OPAC | No |
| 999 ## - | |
| -- | 3846 |
| -- | 3846 |
| Withdrawn status | Lost status | Source of classification or shelving scheme | Damaged status | Not for loan | Collection | Home library | Current library | Shelving location | Date acquired | Total checkouts | Full call number | Barcode | Date last seen | Copy number | Price effective from | Koha item type |
|---|---|---|---|---|---|---|---|---|---|---|---|---|---|---|---|---|
| Library of Congress Classification | Non-fiction | Graduate Library (Christ Temple) | Graduate Library (Christ Temple) | General stacks | 02/13/2025 | BR 1644.5.G7 | GSCT00000503 | 02/13/2025 | 1 | 02/13/2025 | Books | |||||
| Library of Congress Classification | Non-fiction | Graduate Library (Christ Temple) | Graduate Library (Christ Temple) | General stacks | 08/12/2025 | BR 1644.5G7 | GSCT00001784 | 08/12/2025 | 2 | 08/12/2025 | Books |